00669nam a2200181Ia 4500952017000000999001700170003000400187005001700191008004100208020001800249040000900267082002200276100003000298245006300328260003700391300000900428942005000437 00102ddc40708SOCIAL SCIENCEaMESbMEScSOCIAL SCIENCEd2019-02-20g450.00l5m5o305.420954 SON/Wp32627r2023-01-03 00:00:00s2022-12-08w2019-02-20yBKzGL41R1 c10984d10984OSt20200227135613.0190216s9999||||xx |||||||||||||| ||und|| a9798172733451 coclc a305.420954bSON/W aSoni, Jasprit Kaur 92019 0aWomen Empowerment Exploring The Facts /cJasprit Kaur Soni bAuthorspress,c2008.aNew Delhi: a195p cBK2ddch305.420954iSON/Wk305.420954mSON/W